000 00453nam a22001817a 4500
005 20180724150950.0
008 160513b xxu||||| |||| 00| 0 eng d
020 _a81-203-2217-7
041 _aeng
082 _b2148
_a658.3
100 _aDRAFKE, MICHAEL W. AND KOSSEN, STAN
_94611
245 _aTHE HUMAN SIDE OF ORGANIZATION
250 _a8TH ED.
260 _aNew Delhi
_bPHI,
_c2002
300 _a494p,
650 _aManagement
_9241
942 _cBK
999 _c786
_d786